Zákon o dani z príjmov s komentárom

Najdôležitejšie zmeny zákona o dani z príjmov po novelách od roku 2019. Ilustračné príklady.

Na minha lista:
Detalhes bibliográficos
Autor principal: Brnová, Miroslava
Outros Autores: Vidová, Michaela, Murínová, Mária
Formato: Capítulo de Livro
Idioma:eslovaco
Assuntos:
Tags: Adicionar Tag
Sem tags, seja o primeiro a adicionar uma tag!

MARC

LEADER 00000naa a2200000 4500
001 0251339
005 20190226080510.1
041 0 |a slo 
044 |a SK 
245 1 0 |a Zákon o dani z príjmov s komentárom  |c Miroslava Brnová, Michaela Vidová, Mária Murínová 
520 |a Najdôležitejšie zmeny zákona o dani z príjmov po novelách od roku 2019. Ilustračné príklady. 
610 2 0 |a zákony 
610 2 0 |a novelizácia 
610 2 0 |a Slovensko 
610 2 0 |a dane z príjmov 
100 1 |a Brnová, Miroslava 
700 1 |a Vidová, Michaela 
700 1 |a Murínová, Mária